Panduan Ulangkaji Geografi Kawasan : Sijil Tinggi Persekolahan
| Main Author: | |
|---|---|
| Format: | Book |
| Published: |
Kuala Lumpur :
Dewan Bahasa Dan Pustaka ,
1978
|
| Subjects: |
MARC
| LEADER | 00000cam a2200000 7i4500 | ||
|---|---|---|---|
| 001 | 0000109038 | ||
| 005 | 20141110.0 | ||
| 008 | 141110 bm | ||
| 090 | 0 | 0 | |a KT BOR |
| 100 | 1 | |a Abdul Samad Hj. Abdul Hadi M.A. | |
| 245 | 1 | 0 | |a Panduan Ulangkaji Geografi Kawasan : |b Sijil Tinggi Persekolahan |c Abdul Samad Hj. Abdul Hadi M.A. |
| 260 | |a Kuala Lumpur : |b Dewan Bahasa Dan Pustaka , |c 1978 | ||
| 300 | |a xx,66p. : |b ill. ; |c 21cm. | ||
| 650 | 0 | 0 | |a Koleksi Datuk Wira Hj. Borhan bin Md Yaman |
| 999 | |a 0000266346 |b Buku |c Koleksi Melaka |e Perbadanan Perpustakaan Awam Melaka | ||